| 000 | 00747cam a22002415a 4500 | ||
|---|---|---|---|
| 005 | 20201128023931.0 | ||
| 008 | 161023s2015 ii a frb 001 0 eng d | ||
| 020 | _a9789332549661 | ||
| 040 |
_aEG-ScBUE _beng _cEG-ScBUE _dEG-ScBUE |
||
| 082 | 0 | 4 |
_222 _a629.8312 _bOGA |
| 100 | 1 |
_9445 _aOgata, Katsuhiko. |
|
| 245 | 1 | 0 |
_aDiscrete-time control systems / _cKatsuhiko Ogata. |
| 250 | _a2nd ed. | ||
| 260 |
_aNoida, India : _bPearson Education Limited, _c2015. |
||
| 300 |
_a xi, 745 p. : _bill. ; _c24 cm. |
||
| 500 | _aIndex : p. 735-745. | ||
| 504 | _aBibliography : p. 730-733. | ||
| 650 | 7 |
_2BUEsh _932479 _aDiscrete-time systems. |
|
| 650 | 7 |
_93461 _aControl theory. _2BUEsh |
|
| 651 | _2BUEsh | ||
| 653 |
_bENGELC _cOctober2016 |
||
| 942 | _2ddc | ||
| 999 |
_c22805 _d22777 |
||